000 00592nam a22001577a 4500
003 OSt
005 20150913151812.0
008 150913b xxu||||| |||| 00| 0 eng d
040 _cRUA
082 _aAGR KAO 1998 B020 Or.1
100 _9398
_aKAO, SOKDETH.
245 _aប្រសីទ្ធិភាពសេដ្ឋកិច្ចនៃផលិតកម្មស្រូវប្រាំងនៅខេត្តព្រៃវែង ( economic efficiency of dry season rice in preyveng province)
260 _aPhnom Penh
_bRUA
_c1998
300 _a59p.
_bill.
_c29cm.
942 _2ddc
_cAGR
999 _c377
_d377